[Event "Titled Tuesday intern op 23rd Apr Late"]
[Site "Chess.com INT"]
[Date "2024.04.23"]
[Round "2"]
[White "Yang, Kaiqi"]
[Black "Dudin, Gleb"]
[Result "0-1"]
[WhiteElo "2481"]
[BlackElo "2546"]
[PlyCount "84"]
[EventDate "2024.04.23"]
[EventType "swiss (blitz)"]
[EventRounds "11"]
[EventCountry "USA"]
[SourceTitle "CB18_2024"]
[SourceDate "2024.05.01"]
[SourceVersion "1"]
[SourceVersionDate "2024.05.01"]
[SourceQuality "2"]

1. d4 Nf6 2. Nc3 d5 3. Bf4 a6 4. e3 h6 5. Nf3 e6 6. Bd3 b5 7. 0-0 Bb7 8. a4 b4 9. Ne2 c5 10. c4 Nbd7 11. Ne5 Be7 12. cxd5 Nxd5 13. Bg3 0-0 14. Rc1 Bf6 15. Nxd7 Qxd7 16. Rxc5 Rfc8 17. Rxc8+ Rxc8 18. Qb3 a5 19. Bb5 Bc6 20. Bxc6 Qxc6 21. e4 Nb6 22. d5 exd5 23. e5 Be7 24. Nd4 Qxa4 25. Qd3 Qd7 26. Nf5 Bf8 27. f4 Nc4 28. b3 Nb2 29. Qb1 a4 30. Qxb2 Qxf5 31. bxa4 Rc2 32. Qb3 Qe4 33. Bf2 Bc5 34. h3 Rxf2 35. Rxf2 Qe1+ 36. Kh2 Qxf2 37. Qxd5 Qxf4+ 38. Kh1 Qf1+ 39. Kh2 Bg1+ 40. Kg3 Qf2+ 41. Kg4 Qd4+ 42. Qxd4 Bxd4 0-1

[Event "Titled Tuesday intern op 02nd Apr Late"]
[Site "Chess.com INT"]
[Date "2024.04.02"]
[Round "6"]
[White "Shtivelband, Richard"]
[Black "Yang, Kaiqi"]
[Result "1/2-1/2"]
[WhiteElo "2031"]
[BlackElo "2481"]
[PlyCount "155"]
[EventDate "2024.04.02"]
[EventType "swiss (blitz)"]
[EventRounds "11"]
[EventCountry "USA"]
[SourceTitle "CB15_2024"]
[SourceDate "2024.04.10"]
[SourceVersion "1"]
[SourceVersionDate "2024.04.10"]
[SourceQuality "1"]

1. e4 c5 2. Nf3 e6 3. d4 cxd4 4. Nxd4 a6 5. Bd3 Bc5 6. Nb3 Ba7 7. c4 d6 8. 0-0 Nf6 9. Nc3 e5 10. Bg5 Be6 11. Nd5 Bxd5 12. cxd5 Nbd7 13. Rc1 h6 14. Bd2 0-0 15. Bb4 Qe7 16. Rc7 Rab8 17. Na5 Bb6 18. Rc1 Nc5 19. Qe2 Nh5 20. g3 Qg5 21. Bd2 Nf4 22. Bxf4 exf4 23. Nc4 Bc7 24. b4 Nd7 25. e5 dxe5 26. d6 Bd8 27. Qe4 g6 28. Rfe1 Re8 29. h4 Qf6 30. gxf4 Qxh4 31. fxe5 Qg5+ 32. Kf1 b5 33. f4 Qh4 34. Na5 Bb6 35. Qf3 Rbc8 36. Nc6 Kg7 37. Ne7 Rxc1 38. Rxc1 Qh2 39. Rc2 Qg1+ 40. Ke2 Qd4 41. a3 Nf8 42. Qe4 Ne6 43. Qxd4 Nxd4+ 44. Kd2 Nxc2 45. Kxc2 Rd8 46. Be4 Be3 47. Nc6 Rd7 48. Kd3 Bxf4 49. Kd4 h5 50. Kd5 h4 51. Nb8 Rd8 52. Nc6 Rd7 53. Nb8 Rd8 54. Nxa6 h3 55. Nc5 f6 56. exf6+ Kxf6 57. d7 h2 58. Kc6 Bg3 59. Nb7 Ke7 60. Nxd8 Kxd8 61. Kxb5 Kxd7 62. a4 Kc7 63. a5 Kb8 64. a6 Bf2 65. Kc6 g5 66. b5 Ka7 67. Kc7 g4 68. Kd6 g3 69. Ke5 Kb6 70. Bc6 Kc7 71. Kf4 Kb6 72. Kg4 Ka7 73. Kh3 Kb6 74. Kg2 Ka7 75. Bd5 Kb6 76. Bc6 Ka7 77. Bd5 Kb6 78. Bc6 1/2-1/2

[Event "Titled Tuesday intern op 02nd Apr Late"]
[Site "Chess.com INT"]
[Date "2024.04.02"]
[Round "2"]
[White "Yang, Kaiqi"]
[Black "Curi, Gabriel"]
[Result "1-0"]
[WhiteElo "2481"]
[BlackElo "2106"]
[PlyCount "35"]
[EventDate "2024.04.02"]
[EventType "swiss (blitz)"]
[EventRounds "11"]
[EventCountry "USA"]
[SourceTitle "CB15_2024"]
[SourceDate "2024.04.10"]
[SourceVersion "1"]
[SourceVersionDate "2024.04.10"]
[SourceQuality "1"]

1. d4 d5 2. Bf4 Nf6 3. e3 c5 4. Nd2 e6 5. c3 Bd6 6. Ngf3 0-0 7. Bxd6 Qxd6 8. Ne5 Nc6 9. f4 b6 10. Bd3 Bb7 11. Qf3 Ne7 12. g4 g6 13. h4 Ne4 14. h5 f6 15. hxg6 fxe5 16. Qh3 Rf6 17. Qxh7+ Kf8 18. dxe5 1-0

[Event "Titled Tuesday intern op 12th Mar Late"]
[Site "Chess.com INT"]
[Date "2024.03.12"]
[Round "1"]
[White "Bongo Akanga Ndjila, Barthelemy"]
[Black "Yang, Kaiqi"]
[Result "0-1"]
[WhiteElo "1894"]
[BlackElo "2481"]
[PlyCount "82"]
[EventDate "2024.03.12"]
[EventType "swiss (blitz)"]
[EventRounds "11"]
[EventCountry "USA"]
[SourceTitle "CB12_2024"]
[SourceDate "2023.10.01"]
[SourceVersion "1"]
[SourceVersionDate "2023.10.01"]
[SourceQuality "1"]

1. d4 Nf6 2. c4 g6 3. Nc3 Bg7 4. e4 d6 5. Nge2 0-0 6. Ng3 h5 7. Bg5 c5 8. d5 Nh7 9. Be3 h4 10. Nge2 e6 11. Qd2 exd5 12. cxd5 Re8 13. h3 b5 14. f3 b4 15. Nd1 Nd7 16. Nf2 Ne5 17. Nf4 a5 18. Ng4 a4 19. Nxe5 Bxe5 20. Nd3 Bg7 21. Bh6 Qf6 22. Bxg7 Kxg7 23. Nf2 a3 24. Rb1 axb2 25. Rxb2 Bd7 26. Bc4 Ra3 27. 0-0 Ng5 28. Ng4 Bxg4 29. fxg4 Qe5 30. Bb3 Nxe4 31. Qe2 Ng3 32. Qxe5+ Rxe5 33. Rd1 Ra7 34. Kf2 Rae7 35. Bc4 f5 36. gxf5 gxf5 37. Rdd2 Re1 38. Kf3 Kf6 39. Rb3 Kg5 40. a3 R7e4 41. Bb5 Rf4# 0-1

[Event "Titled Tuesday intern op 12th Mar Late"]
[Site "Chess.com INT"]
[Date "2024.03.12"]
[Round "4"]
[White "Zeltsan, Joseph"]
[Black "Yang, Kaiqi"]
[Result "1-0"]
[WhiteElo "2419"]
[BlackElo "2481"]
[PlyCount "129"]
[EventDate "2024.03.12"]
[EventType "swiss (blitz)"]
[EventRounds "11"]
[EventCountry "USA"]
[SourceTitle "CB12_2024"]
[SourceDate "2023.10.01"]
[SourceVersion "1"]
[SourceVersionDate "2023.10.01"]
[SourceQuality "1"]

1. Nf3 Nf6 2. g3 g6 3. Bg2 Bg7 4. 0-0 0-0 5. c4 d6 6. d4 Nc6 7. Nc3 e5 8. d5 Ne7 9. e4 a5 10. Ne1 Nd7 11. Nd3 c6 12. Be3 Kh8 13. c5 dxc5 14. d6 Ng8 15. Nxc5 Nxc5 16. Bxc5 b6 17. Ba3 Ba6 18. d7 Bxf1 19. Bxf1 Nf6 20. Bh3 Qc7 21. Bd6 Qd8 22. Bxe5 Ra7 23. Qd6 Nxd7 24. Bxg7+ Kxg7 25. Qxc6 Nc5 26. Rd1 Qc7 27. Qd5 Re8 28. Nb5 Qb7 29. Nxa7 Qxa7 30. Bg2 Qc7 31. h4 h5 32. Kh2 Re7 33. Qd4+ f6 34. Qc4 Rd7 35. Rd5 Rxd5 36. exd5 Qe5 37. Qb5 Qd6 38. Qc6 Qxc6 39. dxc6 Na6 40. Be4 f5 41. Bd5 Nc7 42. Bb3 Kf6 43. f4 b5 44. a3 Ke7 45. Kg2 a4 46. Ba2 Na6 47. Kf3 b4 48. Bc4 bxa3 49. bxa3 Nc5 50. Ke3 Ne4 51. Kd4 Nxg3 52. Ke5 Kd8 53. Bf7 Kc7 54. Bxg6 Kxc6 55. Be8+ Kc5 56. Bxa4 Ne2 57. Kxf5 Nd4+ 58. Kg5 Nf3+ 59. Kxh5 Kd6 60. Kg4 Nd4 61. Bd1 Ke7 62. a4 Kf6 63. a5 Nb5 64. a6 Na7 65. h5 1-0

[Event "Titled Tuesday intern op 06th Feb Early"]
[Site "Chess.com INT"]
[Date "2024.02.06"]
[Round "5"]
[White "Kabanov, Nikolai"]
[Black "Yang, Kaiqi"]
[Result "0-1"]
[WhiteElo "2434"]
[BlackElo "2481"]
[PlyCount "72"]
[EventDate "2024.02.06"]
[EventType "swiss (blitz)"]
[EventRounds "11"]
[EventCountry "USA"]
[SourceTitle "CB07_2024"]
[SourceDate "2024.02.14"]
[SourceVersion "1"]
[SourceVersionDate "2024.02.14"]
[SourceQuality "1"]

1. e4 c6 2. Nf3 g6 3. d4 Bg7 4. h3 b5 5. c3 d6 6. a4 bxa4 7. Qxa4 Nf6 8. Bd3 0-0 9. 0-0 Bb7 10. Re1 Nbd7 11. Bg5 h6 12. Bh4 e5 13. Nbd2 Qc7 14. Bg3 Rfe8 15. Nc4 Nh5 16. Bh2 Nf4 17. Bxf4 exf4 18. Qa3 d5 19. Nd6 Re6 20. Nxb7 Qxb7 21. exd5 cxd5 22. Rxe6 fxe6 23. Bxg6 Bf8 24. Qa6 Qxa6 25. Rxa6 Nb6 26. Ne5 Bg7 27. Bf7+ Kf8 28. Bxe6 Bxe5 29. dxe5 Re8 30. Bg4 Rxe5 31. Rxa7 Nc4 32. Rb7 Re1+ 33. Kh2 Nd2 34. h4 Nf1+ 35. Kh3 Ne3 36. Rb8+ Ke7 0-1

[Event "Titled Tuesday intern op 06th Feb Late"]
[Site "Chess.com INT"]
[Date "2024.02.06"]
[Round "2"]
[White "Mitrabha, Guha"]
[Black "Yang, Kaiqi"]
[Result "1-0"]
[WhiteElo "2526"]
[BlackElo "2481"]
[PlyCount "173"]
[EventDate "2024.02.06"]
[EventType "swiss (blitz)"]
[EventRounds "11"]
[EventCountry "USA"]
[SourceTitle "CB07_2024"]
[SourceDate "2024.02.14"]
[SourceVersion "1"]
[SourceVersionDate "2024.02.14"]
[SourceQuality "1"]

1. d4 Nf6 2. Nf3 g6 3. g3 Bg7 4. c4 0-0 5. Bg2 c5 6. 0-0 cxd4 7. Nxd4 Nc6 8. Nc3 Nxd4 9. Qxd4 d6 10. b3 Be6 11. Bb2 Nd7 12. Qd2 Rb8 13. Rfd1 a6 14. h4 b5 15. cxb5 axb5 16. h5 Ne5 17. Nd5 Bxd5 18. Bxd5 Ng4 19. Bxg7 Kxg7 20. Qb2+ Nf6 21. Bf3 b4 22. Kg2 Qa5 23. Rh1 Qe5 24. Qd2 g5 25. h6+ Kh8 26. Rac1 g4 27. Bc6 Rfc8 28. Qd3 Rc7 29. Rc2 Rbc8 30. Rhc1 Ng8 31. Ba4 Rxc2 32. Rxc2 Rxc2 33. Qxc2 Nxh6 34. Qd2 Nf5 35. Bd7 e6 36. Be8 Kg7 37. Kg1 Qe4 38. Bb5 h6 39. Bd3 Qd4 40. Qc2 Ne7 41. Qc7 Ng6 42. Qb7 Ne5 43. Bc4 Nxc4 44. bxc4 Qxc4 45. e3 Qxa2 46. Qxb4 h5 47. Qxd6 Qd5 48. Qe7 Qf5 49. Qd8 Qf6 50. Qd1 Qe5 51. Qa4 Qf5 52. Qd4+ Qf6 53. Qc5 h4 54. gxh4 Qxh4 55. Qd4+ Kh7 56. Qe4+ Kg8 57. Qf4 Qh5 58. Kg2 Kg7 59. Qd4+ Kg6 60. Qd8 Qd5+ 61. Qxd5 exd5 62. Kg3 Kg5 63. Kh2 f5 64. Kg2 Kf6 65. Kg3 Ke5 66. Kh4 Ke4 67. Kg3 d4 68. exd4 Kxd4 69. Kf4 Kd5 70. Kxf5 Kd6 71. Kxg4 Ke7 72. Kg5 Kf7 73. Kf5 Kf8 74. Kf6 Kg8 75. f4 Kf8 76. f5 Kg8 77. Ke7 Kg7 78. f6+ Kg8 79. f7+ Kh7 80. f8Q Kg6 81. Qf7+ Kh6 82. Qg8 Kh5 83. Kf6 Kh4 84. Kf5 Kh3 85. Kf4 Kh2 86. Kf3 Kh1 87. Qg2# 1-0

[Event "Titled Tuesday intern op 06th Feb Late"]
[Site "Chess.com INT"]
[Date "2024.02.06"]
[Round "3"]
[White "Yang, Kaiqi"]
[Black "Diaz, Fernando"]
[Result "1-0"]
[WhiteElo "2481"]
[BlackElo "2086"]
[PlyCount "71"]
[EventDate "2024.02.06"]
[EventType "swiss (blitz)"]
[EventRounds "11"]
[EventCountry "USA"]
[SourceTitle "CB07_2024"]
[SourceDate "2024.02.14"]
[SourceVersion "1"]
[SourceVersionDate "2024.02.14"]
[SourceQuality "1"]

1. c4 e5 2. Nc3 Nc6 3. g3 g6 4. Bg2 Bg7 5. Nf3 d6 6. d3 Nge7 7. h4 h6 8. Bd2 Be6 9. Qc1 Qd7 10. a3 f5 11. b4 Nd4 12. Ng1 c6 13. Rb1 c5 14. b5 Bf7 15. e3 Ne6 16. Nge2 g5 17. Nd5 Nxd5 18. Bxd5 Nd8 19. Bg2 0-0 20. hxg5 hxg5 21. Nc3 f4 22. gxf4 exf4 23. Be4 Re8 24. Nd5 Ne6 25. Bc3 Qd8 26. Bxg7 Nxg7 27. Qc3 Re5 28. Kd2 Bxd5 29. Bxd5+ Rxd5 30. cxd5 fxe3+ 31. fxe3 Qe7 32. Rbf1 Rf8 33. Rxf8+ Kxf8 34. Rf1+ Kg8 35. Qf6 Qxf6 36. Rxf6 1-0

[Event "Chessable Masters Play In"]
[Site "Chess.com INT"]
[Date "2024.01.31"]
[Round "3"]
[White "Yang, Kaiqi"]
[Black "Salinas Herrera, Pablo Patricio"]
[Result "0-1"]
[WhiteElo "2481"]
[BlackElo "2477"]
[PlyCount "78"]
[EventDate "2024.01.31"]
[EventType "swiss (rapid)"]
[EventRounds "9"]
[EventCountry "USA"]
[SourceTitle "CB06_2024"]
[SourceDate "2024.02.07"]
[SourceVersion "1"]
[SourceVersionDate "2024.02.07"]
[SourceQuality "1"]

1. d4 d5 2. c4 e6 3. Nc3 Nf6 4. Nf3 c6 5. e3 Nbd7 6. Qc2 b6 7. cxd5 cxd5 8. Nb5 Bb4+ 9. Bd2 Bxd2+ 10. Nxd2 0-0 11. Rc1 Ne8 12. Bd3 Ndf6 13. Nf3 Bd7 14. Nc3 Nd6 15. Ne5 Qe7 16. g4 Rfc8 17. f3 Be8 18. g5 Nd7 19. h4 Nxe5 20. dxe5 Nc4 21. Kf2 Nxe5 22. Bxh7+ Kh8 23. f4 Nc4 24. Bd3 Nxe3 25. Kxe3 d4+ 26. Kf3 dxc3 27. bxc3 Rc5 28. h5 Rac8 29. h6 Bc6+ 30. Kg4 Bxh1 31. hxg7+ Kxg7 32. Rxh1 f5+ 33. gxf6+ Qxf6 34. Rh7+ Kg8 35. Qa4 Rf5 36. Qe4 Kxh7 37. Qxe6 Qxe6 38. Bxf5+ Qxf5+ 39. Kxf5 Rxc3 0-1

[Event "Titled Tuesday intern op 23rd Jan Late"]
[Site "Chess.com INT"]
[Date "2024.01.23"]
[Round "9"]
[White "Mazurkiewicz, Michal"]
[Black "Yang, Kaiqi"]
[Result "1/2-1/2"]
[WhiteElo "2145"]
[BlackElo "2481"]
[PlyCount "131"]
[EventDate "2024.01.23"]
[EventType "swiss (blitz)"]
[EventRounds "11"]
[EventCountry "USA"]
[SourceTitle "CB05_2024"]
[SourceDate "2024.01.31"]
[SourceVersion "1"]
[SourceVersionDate "2024.01.31"]
[SourceQuality "1"]

1. e4 e6 2. d3 c5 3. Nf3 Nc6 4. g3 Nge7 5. Bg2 g6 6. 0-0 Bg7 7. Re1 e5 8. Nc3 d6 9. Nd2 0-0 10. Nc4 Be6 11. Nd5 Qd7 12. a4 f5 13. f4 exf4 14. Bxf4 fxe4 15. dxe4 Ne5 16. Nxe7+ Qxe7 17. Qxd6 Qxd6 18. Nxd6 b6 19. b3 Rad8 20. Nb5 Rd7 21. Rad1 Rfd8 22. Rxd7 Rxd7 23. Nc3 Ng4 24. Nd5 Bd4+ 25. Ne3 Kg7 26. h3 Nxe3 27. Bxe3 Bxe3+ 28. Rxe3 Rd2 29. Rc3 Kf6 30. a5 Ke5 31. axb6 axb6 32. b4 cxb4 33. Rc6 g5 34. Rxb6 Rxc2 35. Rxb4 h5 36. Rb5+ Kf6 37. e5+ Kf7 38. Rb7+ Kf8 39. Rh7 Re2 40. Rxh5 Rxe5 41. Kh2 Kg7 42. h4 Kg6 43. Rxg5+ Rxg5 44. hxg5 Kxg5 45. Bf3 Bg4 46. Kg2 Bxf3+ 47. Kxf3 Kf5 48. g4+ Kg5 49. Kg3 Kg6 50. Kf4 Kf6 51. Kf3 Kg5 52. Kg3 Kg6 53. Kf4 Kf6 54. g5+ Kg6 55. Kg4 Kg7 56. Kh5 Kh7 57. Kh4 Kg6 58. Kg4 Kg7 59. Kf5 Kf7 60. g6+ Kg7 61. Kg5 Kg8 62. Kh6 Kh8 63. Kh5 Kg7 64. Kg5 Kg8 65. Kf5 Kg7 66. Kg5 1/2-1/2

[Event "Titled Tuesday intern op 23rd Jan Late"]
[Site "Chess.com INT"]
[Date "2024.01.23"]
[Round "7"]
[White "Mickiewicz, Piotr"]
[Black "Yang, Kaiqi"]
[Result "0-1"]
[WhiteElo "2239"]
[BlackElo "2481"]
[PlyCount "54"]
[EventDate "2024.01.23"]
[EventType "swiss (blitz)"]
[EventRounds "11"]
[EventCountry "USA"]
[SourceTitle "CB05_2024"]
[SourceDate "2024.01.31"]
[SourceVersion "1"]
[SourceVersionDate "2024.01.31"]
[SourceQuality "1"]

1. d4 e6 2. c4 f5 3. Nf3 Nf6 4. g3 d5 5. Bg2 c6 6. 0-0 Bd6 7. Qc2 0-0 8. Nbd2 Qe7 9. b3 Ne4 10. Bb2 Nd7 11. Rad1 a5 12. a4 b6 13. Ne5 Nxe5 14. dxe5 Bc5 15. Nxe4 fxe4 16. e3 Ba6 17. Bd4 Rad8 18. Rd2 Bb4 19. Bxb6 Rb8 20. Bd4 Bxd2 21. Qxd2 Rxb3 22. cxd5 cxd5 23. Rc1 Rfb8 24. Qxa5 Rb1 25. Qe1 Bd3 26. Bf1 Qa3 27. Kg2 Qxc1 0-1

[Event "Titled Tuesday intern op 23rd Jan Late"]
[Site "Chess.com INT"]
[Date "2024.01.23"]
[Round "3"]
[White "Yang, Kaiqi"]
[Black "Demidov, Mikhail"]
[Result "1-0"]
[WhiteElo "2481"]
[BlackElo "2546"]
[PlyCount "67"]
[EventDate "2024.01.23"]
[EventType "swiss (blitz)"]
[EventRounds "11"]
[EventCountry "USA"]
[SourceTitle "CB05_2024"]
[SourceDate "2024.01.31"]
[SourceVersion "1"]
[SourceVersionDate "2024.01.31"]
[SourceQuality "1"]

1. d4 g6 2. c4 Bg7 3. Nf3 d6 4. Nc3 e5 5. dxe5 dxe5 6. Qxd8+ Kxd8 7. Bg5+ f6 8. 0-0-0+ Bd7 9. Bd2 Nc6 10. g3 Kc8 11. h4 h5 12. Bg2 Nh6 13. Bxh6 Bxh6+ 14. e3 Rd8 15. Nd5 f5 16. Ng5 Bxg5 17. hxg5 e4 18. g4 hxg4 19. Rh7 Ne5 20. Bf1 c6 21. Nf6 Rb8 22. Re7 Nf3 23. Nxd7 Ra8 24. Rg7 Nxg5 25. Nb6+ axb6 26. Rxd8+ Kxd8 27. Rg8+ Kc7 28. Rxa8 Nf7 29. Rg8 Ne5 30. Be2 Kd6 31. Rg7 Kc5 32. b3 Kb4 33. Kc2 Kc5 34. Rxb7 1-0

[Event "Speed Chess Q1"]
[Site "Chess.com INT"]
[Date "2022.11.10"]
[Round "9"]
[White "Yang, Kaiqi"]
[Black "Ahn, Hongjin"]
[Result "1/2-1/2"]
[WhiteElo "2481"]
[BlackElo "2282"]
[PlyCount "151"]
[EventDate "2022.11.10"]
[EventType "swiss (blitz)"]
[EventRounds "14"]
[EventCountry "USA"]
[SourceTitle "CBM 211 Extra"]
[Source "ChessBase"]
[SourceDate "2023.01.31"]
[SourceVersion "1"]
[SourceVersionDate "2023.01.31"]
[SourceQuality "1"]

1. e4 d6 2. d4 Nf6 3. Nc3 g6 4. Nf3 Nc6 5. Be2 Bg7 6. h3 0-0 7. Be3 e5 8. dxe5 Nxe5 9. Nxe5 dxe5 10. Qxd8 Rxd8 11. Bc4 c6 12. a4 Nh5 13. g3 Bf8 14. Ke2 Ng7 15. f4 Be6 16. Bd3 Nh5 17. Kf3 Bh6 18. Rad1 Kg7 19. Ne2 f5 20. exf5 exf4 21. Bd4+ Rxd4 22. Nxd4 Bd5+ 23. Be4 Bxe4+ 24. Kxe4 Nxg3+ 25. Kf3 Nxh1 26. Rxh1 Kf6 27. Re1 gxf5 28. Re6+ Kg5 29. h4+ Kh5 30. Nxf5 Bf8 31. Kxf4 Rd8 32. Re5 Kg6 33. h5+ Kf6 34. Re4 Rd5 35. Ne3 Rxh5 36. Ng4+ Kf7 37. Ne5+ Kg7 38. Ng4 Bd6+ 39. Kf3 Rh3+ 40. Kg2 Rg3+ 41. Kf2 h5 42. Ne3 Rg6 43. Nf5+ Kf7 44. Rd4 Be5 45. Rd8 Ke6 46. Ne3 Rf6+ 47. Kg2 Bf4 48. Nc4 Kf5 49. Rh8 Kg4 50. Rg8+ Kh4 51. Rg7 Bg5 52. Ne5 Rf5 53. Nf3+ Kg4 54. c4 h4 55. Nxg5 Rxg5 56. Rxb7 h3+ 57. Kh2 Kf3 58. Rxa7 Rg2+ 59. Kh1 Rxb2 60. Rf7+ Kg3 61. Rg7+ Kh4 62. a5 Rb1+ 63. Kh2 Rb2+ 64. Kh1 Ra2 65. Rg6 Rxa5 66. Rxc6 Rg5 67. Rh6+ Kg3 68. Rh8 Rg4 69. c5 Rc4 70. Rg8+ Kh4 71. Rh8+ Kg3 72. Rg8+ Kh4 73. Rh8+ Kg4 74. Rg8+ Kf3 75. Rf8+ Kg3 76. Rg8+ 1/2-1/2

[Event "Speed Chess Q1"]
[Site "Chess.com INT"]
[Date "2022.11.10"]
[Round "6"]
[White "Yang, Kaiqi"]
[Black "Yuan, Qingyu"]
[Result "0-1"]
[WhiteElo "2481"]
[BlackElo "2373"]
[PlyCount "52"]
[EventDate "2022.11.10"]
[EventType "swiss (blitz)"]
[EventRounds "14"]
[EventCountry "USA"]
[SourceTitle "CBM 211 Extra"]
[Source "ChessBase"]
[SourceDate "2023.01.31"]
[SourceVersion "1"]
[SourceVersionDate "2023.01.31"]
[SourceQuality "1"]

1. e4 c6 2. d4 d5 3. e5 c5 4. dxc5 e6 5. Be3 Nd7 6. b4 a5 7. c3 Nxe5 8. Nf3 Nxf3+ 9. Qxf3 Nf6 10. Nd2 Be7 11. Bd4 0-0 12. Bd3 Nd7 13. Qg3 e5 14. Be3 f5 15. f4 Bh4 16. 0-0 Bxg3 17. hxg3 axb4 18. cxb4 d4 19. Bf2 Kh8 20. fxe5 Nxe5 21. Bc2 d3 22. Bb3 Ng4 23. Rfe1 Nxf2 24. Kxf2 Qd4+ 25. Kf1 f4 26. Nf3 fxg3 0-1

[Event "Chess.com Rapid Wk23 Swiss"]
[Site "Chess.com INT"]
[Date "2022.07.30"]
[Round "6"]
[White "Rustemov, Alexander"]
[Black "Yang, Kaiqi"]
[Result "1-0"]
[WhiteElo "2525"]
[BlackElo "2481"]
[PlyCount "89"]
[EventDate "2022.07.30"]
[EventType "swiss (rapid)"]
[EventRounds "9"]
[EventCountry "USA"]
[SourceTitle "CBM 209 Extra"]
[Source "ChessBase"]
[SourceDate "2022.09.30"]
[SourceVersion "1"]
[SourceVersionDate "2022.09.30"]
[SourceQuality "1"]

1. d4 e6 2. c4 d5 3. Nc3 c6 4. e3 Nf6 5. Nf3 Nbd7 6. Qc2 Bd6 7. b3 0-0 8. Be2 b6 9. 0-0 Bb7 10. Bb2 Qe7 11. Rad1 Rad8 12. Rfe1 Rfe8 13. g3 c5 14. cxd5 Nxd5 15. Nxd5 Bxd5 16. e4 Bb7 17. d5 exd5 18. exd5 Qf8 19. Ng5 g6 20. f4 Be7 21. Bb5 a6 22. Bc6 Bxc6 23. dxc6 Nf6 24. Qc3 Rd4 25. Nf3 Nd5 26. Qc1 Rxd1 27. Rxd1 Nb4 28. Qc3 f6 29. c7 Bd6 30. Qxf6 Qxf6 31. Bxf6 Bxc7 32. Rd7 Bb8 33. Rg7+ Kf8 34. Ng5 Re1+ 35. Kg2 Bd6 36. Nxh7+ Ke8 37. Rxg6 Nxa2 38. f5 b5 39. Bg5 Be5 40. Re6+ Kf7 41. Re7+ Kg8 42. f6 Bc3 43. f7+ Kxh7 44. f8Q+ Kg6 45. Rxe1 1-0

[Event "Chess.com Rapid Wk23 Swiss"]
[Site "Chess.com INT"]
[Date "2022.07.30"]
[Round "2"]
[White "Yang, Kaiqi"]
[Black "Demchenko, Anton"]
[Result "1/2-1/2"]
[WhiteElo "2481"]
[BlackElo "2653"]
[PlyCount "156"]
[EventDate "2022.07.30"]
[EventType "swiss (rapid)"]
[EventRounds "9"]
[EventCountry "USA"]
[SourceTitle "CBM 209 Extra"]
[Source "ChessBase"]
[SourceDate "2022.09.30"]
[SourceVersion "1"]
[SourceVersionDate "2022.09.30"]
[SourceQuality "1"]

1. e4 c5 2. Nc3 Nc6 3. Nf3 d6 4. d4 cxd4 5. Nxd4 Nf6 6. Bg5 e6 7. Qd2 a6 8. 0-0-0 Bd7 9. f4 Be7 10. Nf3 b5 11. e5 b4 12. exf6 bxc3 13. Qxc3 gxf6 14. Bh6 Rg8 15. f5 e5 16. Bc4 Na5 17. Bd5 Rc8 18. Qd3 Rxg2 19. Nd2 Bb5 20. Qf3 Qc7 21. c3 Rg8 22. Bxf7+ Kxf7 23. Qd5+ Ke8 24. Qxg8+ Kd7 25. Qe6+ Kc6 26. Rhg1 Qd7 27. Rg7 Qxe6 28. fxe6 Re8 29. Ne4 d5 30. Ng3 Bd8 31. Nf5 Rxe6 32. Rg8 Bb6 33. Rc8+ Kb7 34. Rh8 Kc6 35. Rxh7 Bd8 36. Ne3 d4 37. cxd4 exd4 38. Nf5 Bb6 39. Nxd4+ Bxd4 40. Rxd4 Re1+ 41. Kc2 Nc4 42. b3 Re2+ 43. Bd2 Ne5 44. Rh6 Kc5 45. Rd8 Rf2 46. Kd1 Rf1+ 47. Kc2 Rf2 48. a4 Bc6 49. Kc3 Rf3+ 50. Kb2 Nd3+ 51. Ka3 Bd5 52. Bc3 Ne5 53. Rc8+ Kb6 54. Rb8+ Kc7 55. Bxe5+ fxe5 56. Rb4 e4 57. Rh7+ Kc6 58. Rb8 e3 59. Re7 Kc5 60. h4 Kd4 61. h5 Rh3 62. Rbe8 a5 63. h6 Rxh6 64. Rxe3 Rb6 65. Rg3 Rd6 66. Rh8 Kc5 67. Rh5 Kb6 68. Rd3 Kc6 69. Kb2 Kc5 70. Kc3 Rd7 71. Rdxd5+ Rxd5 72. Rxd5+ Kxd5 73. Kd3 Kc5 74. Kc3 Kd5 75. b4 Kc6 76. bxa5 Kb7 77. a6+ Ka7 78. Kb4 Kxa6 1/2-1/2

[Event "Chess.com Rapid Wk23 Swiss"]
[Site "Chess.com INT"]
[Date "2022.07.30"]
[Round "9"]
[White "Yang, Kaiqi"]
[Black "Suleymanli, Aydin Elshan"]
[Result "1/2-1/2"]
[WhiteElo "2481"]
[BlackElo "2541"]
[PlyCount "126"]
[EventDate "2022.07.30"]
[EventType "swiss (rapid)"]
[EventRounds "9"]
[EventCountry "USA"]
[SourceTitle "CBM 209 Extra"]
[Source "ChessBase"]
[SourceDate "2022.09.30"]
[SourceVersion "1"]
[SourceVersionDate "2022.09.30"]
[SourceQuality "1"]

1. e4 c5 2. Nc3 a6 3. g3 b5 4. Bg2 Bb7 5. Nf3 b4 6. Na4 Qa5 7. b3 Bxe4 8. 0-0 Nf6 9. Re1 e6 10. Bb2 Bb7 11. Ne5 Bxg2 12. Kxg2 Qc7 13. Qf3 Nc6 14. Nxc6 Qxc6 15. Qxc6 dxc6 16. Bxf6 gxf6 17. Nb6 Ra7 18. Nc4 Be7 19. a3 0-0 20. g4 Rd8 21. Ra2 h5 22. h3 Rd5 23. axb4 cxb4 24. Rea1 hxg4 25. hxg4 f5 26. gxf5 Rxf5 27. Rxa6 Rc7 28. Re1 Bc5 29. f3 Bd4 30. Re4 c5 31. Ra8+ Kh7 32. Rh4+ Kg7 33. Rg4+ Kh7 34. Nd6 Rh5 35. Ne4 f5 36. Ng5+ Kh6 37. Nxe6 fxg4 38. Nxc7 Be5 39. Ra6+ Kh7 40. fxg4 Rh2+ 41. Kf3 Rxd2 42. Ne6 Rxc2 43. Ng5+ Kg7 44. Ke4 Bf6 45. Ne6+ Kf7 46. g5 Re2+ 47. Kd3 Rb2 48. Kc4 Be7 49. g6+ Kxg6 50. Nxc5+ Kf7 51. Nd3 Rc2+ 52. Kd5 Rc3 53. Ne5+ Kg7 54. Ke6 Bc5 55. Rc6 Bd4 56. Rxc3 bxc3 57. Nd3 c2 58. Kd5 Be3 59. b4 c1Q 60. Nxc1 Bxc1 61. b5 Be3 62. Kc6 Ba7 63. b6 Bxb6 1/2-1/2

[Event "Chess.com Rapid Wk22 Swiss"]
[Site "Chess.com INT"]
[Date "2022.07.23"]
[Round "7"]
[White "Prithu, Gupta"]
[Black "Yang, Kaiqi"]
[Result "0-1"]
[WhiteElo "2444"]
[BlackElo "2481"]
[PlyCount "110"]
[EventDate "2022.07.23"]
[EventType "swiss (rapid)"]
[EventRounds "9"]
[EventCountry "USA"]
[SourceTitle "CBM 209 Extra"]
[Source "ChessBase"]
[SourceDate "2022.09.30"]
[SourceVersion "1"]
[SourceVersionDate "2022.09.30"]
[SourceQuality "1"]

1. c4 e6 2. g3 d5 3. Bg2 dxc4 4. Nf3 c6 5. 0-0 Nd7 6. Qc2 b5 7. Nd4 Bb7 8. Nxb5 cxb5 9. Bxb7 Rb8 10. Bg2 Ngf6 11. a4 a6 12. axb5 axb5 13. Nc3 Bc5 14. d3 0-0 15. dxc4 bxc4 16. Bf4 e5 17. Bg5 h6 18. Bxf6 Nxf6 19. Na4 Qc7 20. e3 Be7 21. Rfc1 Rb4 22. b3 Rc8 23. Bf1 Rxb3 24. Bxc4 Rb7 25. Bxf7+ Kf8 26. Qa2 Qxc1+ 27. Rxc1 Rxc1+ 28. Kg2 Rbc7 29. Bg6 Bb4 30. Qb3 Be1 31. Qa3+ Kg8 32. Qd6 Rc8 33. Nb6 Rf8 34. Nc4 Bxf2 35. Qe6+ Kh8 36. Nxe5 Bxe3 37. Nf7+ Rxf7 38. Bxf7 Rc2+ 39. Kf3 Bc1 40. h4 Rc3+ 41. Kg2 Rc2+ 42. Kh3 Rc7 43. g4 Ba3 44. g5 hxg5 45. hxg5 Rc3+ 46. Kg2 Rc2+ 47. Kf3 Rc3+ 48. Ke2 Nh7 49. Bg6 Nf8 50. Qe8 Rg3 51. Bf7 Rxg5 52. Qc6 Re5+ 53. Kd3 Rg5 54. Qh1+ Nh7 55. Qa8+ Nf8 0-1